000 00433nam a2200133Ia 4500
008 100415s9999 xx 000 0 und d
082 _b19175
_a639.9
245 _aOryx: 019171 - vol.20 index to 20th vol., 1986: - vol.24, 1990
260 _c0
365 _b0
630 _aOryx: 019171 - vol.20 index to 20th vol., 1986: - vol.24, 1990
730 _aOryx: 019171 - vol.20 index to 20th vol., 1986: - vol.24, 1990
942 _cBOOK
999 _c602072
_d602069